000 00316nam a22001337a 4500
008 170329b xxu||||| |||| 00| 0 eng d
020 _a9780072409918
041 _aeng
080 _a796.3
100 _a8
101 _aSHM
245 _aWELLNESS FUNDAMENTAL CONCEPTS AND APPLICATIONS
_cROSATO, F.D
942 _2udc
_cBK
999 _c8901
_d8901